000
00283nam a2200121Ia 4500
999
_c
5787
_d
5787
003
OSt
008
201105b ||||| |||| 00| 0 eng d
100
_a
COOPER, Donald R.
245
_a
Business Research Methods
260
_a
N.Delhi
_b
TMH
_c
2013
300
_a
950.
942
_2
ddc
_c
BK
_0
8